000
00264nam a22001217a 4500
008
170131b xxu||||| |||| 00| 0 eng d
041
_a
eng
080
_a
61
100
_a
3
101
_a
SHMI
245
_a
THE BEST OF MEDICAL HUMOR
_c
BENNETT, H.J
942
_2
udc
_c
BK
999
_c
4061
_d
4061